Štandardizácia európskych krytých dlhopisov a jej význam

Prehľad smerníc a regulácií EÚ vzťahujúcich sa na kryté dlhopisy. Zmeny v legislatíve hypotekárneho bankovníctva na Slovensku po roku 2016.

Salvato in:
Dettagli Bibliografici
Autore principale: Horvátová, Eva, 1958-
Natura: Capitolo di libro
Lingua:slovacco
Soggetti:
Tags: Aggiungi Tag
Nessun Tag, puoi essere il primo ad aggiungerne!!

MARC

LEADER 00000naa a2200000 4500
001 0289366
005 20260205074107.5
041 0 |a slo 
044 |a SK 
245 1 0 |a Štandardizácia európskych krytých dlhopisov a jej význam  |c Eva Horvátová 
520 |a Prehľad smerníc a regulácií EÚ vzťahujúcich sa na kryté dlhopisy. Zmeny v legislatíve hypotekárneho bankovníctva na Slovensku po roku 2016. 
610 2 0 |a dlhopisy 
610 2 0 |a bankovníctvo hypotekárne 
610 2 0 |a investori 
610 2 0 |a smernice 
610 2 0 |a regulácia 
610 2 0 |a Európska únia 
100 1 |a Horvátová, Eva, 1958-